00565nam a22001697a 450000500170000001000150001702000260003203500140005803700130007208200120008510000170009724500690011426000440018327000780022730000390030550000510034420170801105658.0 aENG-119489 c399.00a9789351951964 aEN-103021 bDBAD/PUB a915.413 aThomson,Hugh aNanda Devi :cby Hugh Thomsonba journey to the last sanctuary / aGurgaonbHachette Book Publishingc2010 a4th & 5th Floors, Corporate Center,Plot N0-94,Sector-44 bGurgaone122003 axvi,125p. :c20cm(pbk)bill.(maps) aIncludes bibliographical references and index